000
00201 a2200097 4500
001
42714
100
_a
Somervell
245
_a
Between The Wars
260
_a
London
_b
Methuen
_c
090
_c
26606
_d
26606
942
_a
NUST-CAE
_c
M
_c
18454
999
_c
277787
_d
277787